Global giants the other side (Record no. 353136)

000 -LEADER
fixed length control field 00391cam a22001217a 4500
008 - FIXED-LENGTH DATA ELEMENTS--GENERAL INFORMATION
fixed length control field 180718b1986 xxu||||| |||| 00| 0 eng d
082 ## - DEWEY DECIMAL CLASSIFICATION NUMBER
Classification number T31 Sa21g
245 ## - TITLE STATEMENT
Title Global giants the other side
Statement of responsibility, etc. edited by M.K. Saini
260 ## - PUBLICATION, DISTRIBUTION, ETC.
Place of publication, distribution, etc. Delhi
Name of publisher, distributor, etc. Indian Institute of Research on Transnational Corporations
Date of publication, distribution, etc. 1986
300 ## - PHYSICAL DESCRIPTION
Extent 222p.
650 ## - SUBJECT ADDED ENTRY--TOPICAL TERM
Topical term or geographic name entry element International business enterprises
700 ## - ADDED ENTRY--PERSONAL NAME
Personal name Saini, M.K.
Holdings
Withdrawn status Lost status Damaged status Not for loan Permanent Location Current Location Date acquired Full call number Barcode Date last seen Price effective from Koha item type
        Indian Institute of Public Administration Indian Institute of Public Administration 1993-11-30 T31 Sa21g 61687 2018-07-21 2018-07-21 Book

Powered by Koha